Photographic methods in meteor astronomy (Record no. 4386)

MARC details
000 -LEADER
fixed length control field 00515nam a2200181Ia 4500
003 - CONTROL NUMBER IDENTIFIER
control field IN-BaIIA
008 - FIXED-LENGTH DATA ELEMENTS--GENERAL INFORMATION
fixed length control field 211028s9999 xx 000 0 eng d
040 ## - CATALOGING SOURCE
Transcribing agency IIA Library
080 ## - UNIVERSAL DECIMAL CLASSIFICATION NUMBER
Universal Decimal Classification number 523.68
Item number KAT
100 ## - MAIN ENTRY--PERSONAL NAME
Personal name Katasev, L. A
9 (RLIN) 7553
245 #0 - TITLE STATEMENT
Title Photographic methods in meteor astronomy
Statement of responsibility, etc. L. A. Katasev
260 ## - PUBLICATION, DISTRIBUTION, ETC.
Place of publication, distribution, etc. Jerusalem
Name of publisher, distributor, etc. Israel Program for Scientific Translations
Date of publication, distribution, etc. 1964
300 ## - PHYSICAL DESCRIPTION
Extent v, 114p.
650 ## - SUBJECT ADDED ENTRY--TOPICAL TERM
Topical term or geographic name entry element Astronomy and astrophysics thesaurus
650 ## - SUBJECT ADDED ENTRY--TOPICAL TERM
Topical term or geographic name entry element Meteorites
650 ## - SUBJECT ADDED ENTRY--TOPICAL TERM
Topical term or geographic name entry element Meteors
942 ## - ADDED ENTRY ELEMENTS (KOHA)
Koha item type Books
Holdings
Withdrawn status Lost status Damaged status Not for loan Home library Current library Shelving location Date acquired Cost, normal purchase price Total Checkouts Full call number Barcode Date last seen Cost, replacement price Price effective from Koha item type Purchase Price
        IIA Library-Bangalore IIA Library-Bangalore General Stacks 02/04/1974 81.16   523.68/ KAT 4894 05/11/2021 81.16 02/04/1974 Books Rs. 81.16

Powered by Koha